Scale and geographic inquiry : nature, society, and method
Αποθηκεύτηκε σε:
| Άλλοι συγγραφείς: | , |
|---|---|
| Μορφή: | Βιβλίο |
| Γλώσσα: | English |
| Δημοσίευση: |
Malden, MA :
Blackwell Pub.,
c2004
|
| Θέματα: | |
| Ετικέτες: |
Προσθήκη ετικέτας
Δεν υπάρχουν, Καταχωρήστε ετικέτα πρώτοι!
|
MARC
| LEADER | 00000nam a2200000 i 4500 | ||
|---|---|---|---|
| 001 | 1/5697 | ||
| 008 | 100315s2004 eng d | ||
| 020 | |a 0-631-23070-X (pbk.) | ||
| 035 | |l 10107256 | ||
| 040 | |a GR-MY-UA |b gre |e aacr | ||
| 041 | 0 | |a eng | |
| 082 | 0 | |a 910.01 |2 (22) | |
| 245 | 1 | 0 | |a Scale and geographic inquiry : |b nature, society, and method / |c edited by Eric Sheppard and Robert B. McMaster |
| 260 | |a Malden, MA : |b Blackwell Pub., |c c2004 | ||
| 300 | |a xvi, 272 σ.; |b εικ.; |c 24 εκ. | ||
| 504 | |a Περιέχει βιβλιογραφικές παραπομπές και ευρετήριο | ||
| 650 | 0 | 0 | |a Geography |x Mathematics. |
| 650 | 0 | 0 | |a Multidimensional scaling. |
| 650 | 0 | 0 | |a Geographical perception. |
| 700 | 1 | |a Sheppard, Eric S. |4 edt | |
| 700 | 1 | |a McMaster, Robert Brainerd. |4 edt | |
| 852 | |a INST |b LESVOS |e 20100315 |h 910.01 SCA |p 005100046792 |q 005100046792 |t BK |y 0 | ||
| 901 | |a BIBL1-2010-1 | ||
| 909 | |a Λ |b 152245 | ||
| 922 | |a 1ΕΛΗ |b 200803 |c ΕΠΕΑΕΚ2/ΤΓ |d ΕΛΕΥΘΕΡΟΥΔΑΚΗΣ | ||
| 970 | |a ΚΑΡΑ |b ΓΙΑΣΕΜΗ |z 2010/03/15 | ||